[Event "Sant' Anna op 10th"]
[Site "Pisignano di Vernole"]
[Date "2007.08.08"]
[Round "3"]
[White "Quarta, Rocco"]
[Black "Dell'Anna, Michele"]
[Result "0-1"]
[WhiteElo "2061"]
[BlackElo "1858"]
[PlyCount "142"]
[EventDate "2007.08.07"]
[EventType "swiss"]
[EventRounds "7"]
[EventCountry "ITA"]
[SourceTitle "EXT 2009"]
[Source "ChessBase"]
[SourceDate "2008.11.26"]
[SourceVersion "1"]
[SourceVersionDate "2008.11.26"]
[SourceQuality "1"]

1. d4 Nf6 2. c4 g6 3. Nc3 Bg7 4. e4 d6 5. Nf3 0-0 6. Bf4 c5 7. d5 Bg4 8. Be2 Nbd7 9. 0-0 Ne8 10. Qd2 Bxf3 11. Bxf3 Ne5 12. Be2 Qc8 13. Bh6 f5 14. Bxg7 Nxg7 15. f4 Nf7 16. a3 e6 17. Rad1 e5 18. b4 b6 19. Rde1 a5 20. b5 Qc7 21. g3 Qe7 22. Bd3 fxe4 23. Bxe4 Nh6 24. Bg2 Nf7 25. g4 Qh4 26. Ne4 Qe7 27. f5 gxf5 28. gxf5 Ne8 29. f6 Qd8 30. Bh3 Kh8 31. Re2 Rg8+ 32. Rg2 Nc7 33. Rf3 Qf8 34. Rxg8+ Kxg8 35. Qg2+ Kh8 36. Rg3 Qh6 37. Be6 Qc1+ 38. Qf1 Qc2 39. Bf5 Qb2 40. Ng5 Qd4+ 41. Kh1 Nxg5 42. Rxg5 Nxd5 43. cxd5 Qxd5+ 44. Qg2 Qd1+ 45. Qg1 Qd5+ 46. Qg2 Qd1+ 47. Qg1 Qd5+ 48. Rg2 Rg8 49. f7 Qxf7 50. Rxg8+ Qxg8 51. Qxg8+ Kxg8 52. Be6+ Kg7 53. Kg2 Kf6 54. Bd5 e4 55. Bxe4 h6 56. Kf3 Ke5 57. Ke3 c4 58. Bf3 d5 59. h3 d4+ 60. Kd2 Kd6 61. Bc6 Ke6 62. Kc2 Kd6 63. Be8 Kc5 64. Kb2 c3+ 65. Kc2 Kc4 66. Bg6 Kxb5 67. Bd3+ Ka4 68. Bc4 Kxa3 69. h4 Kb4 70. Ba2 Ka3 71. Be6 b5 0-1